| 000 | 00991nam a2200301Ia 4500 | ||
|---|---|---|---|
| 003 | OSt | ||
| 005 | 20221007123630.0 | ||
| 006 | a|||||r|||| 00| 0 | ||
| 007 | ta | ||
| 008 | 221006b |||||||| |||| 00| 0 eng d | ||
| 020 |
_a8181477944 (pbk) _cRs.995.00 |
||
| 024 | _a77899 | ||
| 037 |
_b1865, 28/03/2007, Unilib Book Distributors _cTextbook |
||
| 040 |
_aPAPL _cPAPL _beng |
||
| 041 |
_2eng _aeng |
||
| 082 | _aCN2, K9;M0.2;6-;9 Carpa | ||
| 100 | _aLifshitz E M | ||
| 245 | 0 |
_aStatistical physics _b Pitaevskii L P |
|
| 260 |
_aOxford _bButterworth-Heinmemann _c1980 |
||
| 300 |
_ax, 387p. _ccm. |
||
| 490 |
_vPt 2 _aCourse of theoretical physics; 9 |
||
| 500 | _aIndex 385-387p. | ||
| 650 |
_a Statistical physics _9713592 |
||
| 650 | _aPhysics | ||
| 700 |
_a Pitaevskii L P _9619799 |
||
| 942 |
_hCN2, K9;M0.2;6-;9 Carpa _cTB _2CC |
||
| 999 |
_c1212221 _d1212221 |
||